[Event "Bratislava Slovan op"]
[Site "Bratislava"]
[Date "2013.04.30"]
[Round "5"]
[White "Illovsky, Michal"]
[Black "Koutny, Bretislav"]
[Result "1-0"]
[WhiteElo "1658"]
[BlackElo "1770"]
[PlyCount "81"]
[EventDate "2013.04.27"]
[EventType "swiss"]
[EventRounds "9"]
[EventCountry "SVK"]
[SourceTitle "EXT 2023"]
[Source "ChessBase"]
[SourceDate "2022.10.05"]
[SourceVersion "1"]
[SourceVersionDate "2022.10.05"]
[SourceQuality "1"]

1. Nf3 d6 2. d4 Bg4 3. e4 Nf6 4. Nc3 e6 5. Be2 Be7 6. 0-0 0-0 7. Be3 Nbd7 8. Qd2 c6 9. Rfe1 Qc7 10. a4 a6 11. a5 Rad8 12. h3 Bh5 13. Bf4 Bxf3 14. Bxf3 e5 15. Bg3 exd4 16. Qxd4 Ne5 17. Qa4 Nxf3+ 18. gxf3 Nd7 19. Rad1 Ne5 20. Kg2 Qc8 21. Ne2 Qe6 22. Nd4 Qf6 23. Nf5 g6 24. Nxe7+ Qxe7 25. f4 Nd7 26. Qd4 Nc5 27. f5 d5 28. f6 Qe6 29. Qxc5 Qxf6 30. exd5 cxd5 31. Rxd5 Rc8 32. Qd4 Qc6 33. Kh2 Qxc2 34. Qf6 Rc6 35. Qd4 Rc4 36. Qd3 f5 37. Qxc2 Rxc2 38. Re7 Rxb2 39. Rdd7 Rc8 40. Rg7+ Kf8 41. Rxh7 1-0

[Event "Bratislava Slovan op"]
[Site "Bratislava"]
[Date "2013.04.28"]
[Round "2"]
[White "Jancura, Andrej"]
[Black "Koutny, Bretislav"]
[Result "1-0"]
[WhiteElo "1845"]
[BlackElo "1770"]
[PlyCount "53"]
[EventDate "2013.04.27"]
[EventType "swiss"]
[EventRounds "9"]
[EventCountry "SVK"]
[SourceTitle "EXT 2023"]
[Source "ChessBase"]
[SourceDate "2022.10.05"]
[SourceVersion "1"]
[SourceVersionDate "2022.10.05"]
[SourceQuality "1"]

1. Nf3 d6 2. g3 g6 3. e4 Bg4 4. Bg2 Bg7 5. h3 Bxf3 6. Qxf3 c6 7. c3 e5 8. d3 Ne7 9. Be3 Nd7 10. 0-0 0-0 11. Qe2 Re8 12. Nd2 Qc7 13. Rae1 f5 14. f4 fxe4 15. dxe4 exf4 16. Bxf4 Ne5 17. Nf3 Nxf3+ 18. Rxf3 b5 19. Qd2 Qb6+ 20. Kh2 d5 21. Rfe3 Rad8 22. exd5 Kf7 23. d6 Bf6 24. Qe2 Rd7 25. dxe7 Rdxe7 26. Rxe7+ Rxe7 27. Qd2 1-0

[Event "Bratislava Slovan op"]
[Site "Bratislava"]
[Date "2013.04.28"]
[Round "3"]
[White "Munk, Lubomir"]
[Black "Koutny, Bretislav"]
[Result "1-0"]
[WhiteElo "1902"]
[BlackElo "1770"]
[PlyCount "85"]
[EventDate "2013.04.27"]
[EventType "swiss"]
[EventRounds "9"]
[EventCountry "SVK"]
[SourceTitle "EXT 2023"]
[Source "ChessBase"]
[SourceDate "2022.10.05"]
[SourceVersion "1"]
[SourceVersionDate "2022.10.05"]
[SourceQuality "1"]

1. c4 g6 2. Nc3 Bg7 3. e4 e5 4. d3 d6 5. g3 Nf6 6. Bg2 c6 7. Nge2 Nbd7 8. 0-0 0-0 9. h3 Re8 10. Be3 Nf8 11. Qd2 Qc7 12. b4 Be6 13. b5 c5 14. a4 b6 15. f4 Rad8 16. Rf2 Nh5 17. f5 Bc8 18. Nd5 Qd7 19. fxg6 hxg6 20. Bg5 Ne6 21. Bxd8 Qxd8 22. g4 Nhf4 23. Raf1 g5 24. Ng3 Nxg2 25. Kxg2 Nf4+ 26. Nxf4 gxf4 27. Nf5 Bxf5 28. gxf5 Qh4 29. Rf3 Bf6 30. Kh2 Kf8 31. Qf2 Qh5 32. Qg2 Ke7 33. Qg4 Qh6 34. Rg1 Rh8 35. Kg2 Bh4 36. Kf1 Bg3 37. Rh1 Kf6 38. h4 Qh5 39. Qg5+ Qxg5 40. hxg5+ Kg7 41. Rxh8 Kxh8 42. Kg2 Bh4 43. Rh3 1-0

[Event "Bratislava Slovan op"]
[Site "Bratislava"]
[Date "2004.05.02"]
[Round "2"]
[White "Koutny, Bretislav"]
[Black "Bury, Rastislav"]
[Result "1/2-1/2"]
[WhiteElo "1809"]
[BlackElo "2045"]
[PlyCount "85"]
[EventDate "2004.05.??"]
[EventType "swiss"]
[EventRounds "9"]
[EventCountry "SVK"]
[SourceTitle "EXT 2005"]
[Source "ChessBase"]
[SourceDate "2004.11.15"]
[SourceVersion "1"]
[SourceVersionDate "2004.11.15"]
[SourceQuality "1"]

1. e4 d6 2. d4 Nf6 3. Bd3 c6 4. c3 e5 5. Ne2 Be7 6. 0-0 0-0 7. h3 Nbd7 8. Qc2 b5 9. f4 Bb7 10. Be3 a5 11. Nd2 Qb6 12. Rf3 c5 13. d5 exf4 14. Nxf4 Ne5 15. Rg3 Nfd7 16. Nf3 Nxf3+ 17. gxf3 Ne5 18. Be2 Bh4 19. Rg2 Rae8 20. Nh5 Ng6 21. Qd2 f5 22. Bd3 f4 23. Nxf4 Nxf4 24. Bxf4 Bxd5 25. Bxb5 c4+ 26. Kh1 Qxb5 27. exd5 Qd7 28. Rg4 Bf6 29. Rag1 h5 30. R4g3 Rf7 31. Bg5 Bxg5 32. Qxg5 Re5 33. Qh4 Qb5 34. Qd8+ Kh7 35. Qxd6 Rxd5 36. Qe6 Rdf5 37. Rd1 Qb8 38. Kg2 Qxb2+ 39. Kh1 Qb8 40. Kg2 Qb2+ 41. Kh1 Qb8 42. Kg2 Qb2+ 43. Kh1 1/2-1/2